|
|
|
|
| LEADER |
00967nam a2200337 4500 |
| 001 |
DLU060055683 |
| 005 |
##20010719140311.0 |
| 008 |
##010312s2001 enka 001 0 eng |
| 010 |
# |
# |
|a 2001267073
|
| 020 |
# |
# |
|a 186094163X
|
| 035 |
# |
# |
|a (OCoLC)ocm45827919
|
| 040 |
# |
# |
|a UKM
|c UKM
|d DLC
|
| 042 |
# |
# |
|a lccopycat
|
| 082 |
# |
# |
|a 629.8
|b VI-G
|
| 100 |
# |
# |
|a Vinnicombe, Glenn.
|
| 245 |
# |
# |
|a Uncertainty and feedback :
|b H [infinity] loop-shaping and the [nu]-gap metric /
|c Glenn Vinnicombe.
|
| 260 |
# |
# |
|a London :
|b Imperial College Press,
|c c2001.
|
| 300 |
# |
# |
|a xxi, 316 p. :
|b ill. ;
|c 23 cm.
|
| 504 |
# |
# |
|a Includes bibliographical references and index.
|
| 650 |
# |
# |
|a H [infinity symbol] control.
|
| 650 |
# |
# |
|a Robust control.
|
| 923 |
# |
# |
|a 26/2006
|
| 992 |
# |
# |
|a 33.700
|
| 994 |
# |
# |
|a DLU
|
| 900 |
# |
# |
|a True
|
| 911 |
# |
# |
|a Thái Thị Thanh Thủy
|
| 925 |
# |
# |
|a G
|
| 926 |
# |
# |
|a A
|
| 927 |
# |
# |
|a SH
|
| 980 |
# |
# |
|a Thư viện Trường Đại học Đà Lạt
|